000 00818nam a2200241Ia 4500
008 191130s2003##################000#0#eng##
020 _a9781843761129
022 _a2003049037
040 _aACL
_cACL
082 _a338.60941 SAK
100 _aSaka, Ayse
245 _aCross-national appropriation of work systems : Japanese firms in the UK
_cAyse Saka
260 _aAldershot, Hants ; Brookfield, Vt
_bEdward Elgar
_c2003
300 _ax, 183 p. : ill. ; 25 cm
500 _aIncludes bibliographical references (p. 157-176) and index
650 _aDiffusion of innovations - Great Britain
650 _aEconomics
650 _aInvestments, Japanese - Great Britain
650 _aTechnology transfer - Great Britain
990 _aa95c469cac10000c5f6dc15ef7fa8f6a
991 _a218821
999 _c142353
_d142353